วิทยาลัยพยาบาลบรมราชชนนี ยะลา
ระบบห้องสมุดอัตโนมัติ ULIBM BCNYALA - V.6
เปลี่ยนเป็นภาษาไทย

Change to English
 แสดงรายละเอียดบรรณานุกรม
  กลับหน้าหลัก

Brief Record : Get Marc (ISO 2709) : E-mail record : QR code ปิดหน้าต่าง
ภาษาไทยเพื่อการนำเสนองานแบบมืออาชีพ Review โดย
ใช้งานได้ทุกระบบ
ห้องสมุดวพบ.ยะลา
ใช้งานได้ทุกระบบ เมื่อ27/มีนาคม/2569
สารบัญ
-- ความรู้เกี่ยวกับทักษะการพูด
-- ความรู้ทั่วไปเกี่ยวกับการนำเสนอ
-- การใช้สื่อโสตทัศนูปกรณ์ในการนำเสนอ
-- กลวิธีการต่าง ๆ ในการนำเสนอ
-- ศิลปะการใช้ภาษาและการนำเสนอด้วยวาจา
-- การพูดต่อประชุมชน
-- การเขียนบทความทางวิชาการ
-- การเขียนบันทึก
-- การนำเสนอแผนงานและโครงการ
-- การเขียนรายงานการวิจัย

E-books : เกี่ยวกับ Collections
LEADER 00000nam 2200000uu 4500
001    3827
003     ULIBM
008    241002s2566||||th 000 0 tha d
020    ^a9789740342526
050  4 ^aPL4177^bจ512ภ
100 0  ^aจิรวัฒน์ เพชรรัตน์
245 10 ^aภาษาไทยเพื่อการนำเสนองานแบบมืออาชีพ =^bThai for profressional presentation/^cจิรวัฒน์ เพชรรัตน์
246 00 ^aThai for profressional presentation
250    ^aพิมพ์ครั้งที่ 1
260    ^aกรุงเทพฯ:^bสำนักพิมพ์จุฬาลงกรณ์มหาวิทยาลัย,^c2566.
300    ^a306 หน้า ;^c26 ซม.
650  7 ^aภาษาไทย -- การใช้ภาษา
650  0 ^aภาษาไทย -- การเขียน
650  0 ^aการพูดในชุมนุมชน
999    ^aอีมาน
รายการนี้ยังไม่มีแท็ก
คุณยังไม่ได้ล็อกอิน คุณสามารถมีกิจกรรมร่วมกับเว็บไซต์ได้ แต่ต้องล็อกอินก่อน ::
  ล็อกอิน
ลำดับที่ ประเภท เลขเรียก สถานที่ สถานะ
1. หนังสือทั่วไป
หนังสือทั่วไป
PL4177 จ512ภ 2566 ฉ.1 
  
ห้องสมุดวพบ.ยะลา
►หนังสือทั่วไปภาษาไทย
On Shelf
2. หนังสือทั่วไป
หนังสือทั่วไป
PL4177 จ512ภ 2566 ฉ.2 
  
ห้องสมุดวพบ.ยะลา
►หนังสือทั่วไปภาษาไทย
On Shelf
3. หนังสือทั่วไป
หนังสือทั่วไป
PL4177 จ512ภ 2566 ฉ.3 
  
ห้องสมุดวพบ.ยะลา
►หนังสือทั่วไปภาษาไทย
On Shelf
4. หนังสือทั่วไป
หนังสือทั่วไป
PL4177 จ512ภ 2566 ฉ.4 
  
ห้องสมุดวพบ.ยะลา
►หนังสือทั่วไปภาษาไทย
On Shelf
5. หนังสือทั่วไป
หนังสือทั่วไป
PL4177 จ512ภ 2566 ฉ.5 
  
ห้องสมุดวพบ.ยะลา
►หนังสือทั่วไปภาษาไทย
ถูกยืม กำหนดส่งวันที่ 10 สิงหาคม 2569
  จอง
   [แสดง 5/5 รายการ]

รายการใกล้เคียง
    หัวเรื่อง [ภาษาไทย -- การเขียน]

BibComment


ยังไม่เคยถูกคอมเมนท์

คอมเมนท์ทรัพยากรรายการนี้
  คอมเมนท์: ภาษาไทยเพื่อการน..
Bib 3827

 
 
 

 Union Library Management : ULibM

ดูหนังออนไลน์

Copyright 2026. All Rights Reserved.